banner-ar

الوجوه المتعددة للارهاب : (Record no. 63269)

MARC details
000 -الفاتح
حقل البيانات ثابتة الطول 00945nam a22002417a 4500
005 - وقت وتاريخ اخر تعامل مع التسجيلة
رقم الضبط 20240530110632.0
008 - عناصر البيانات ثابتة الطول - معلومات عامة
حقل البيانات ثابتة الطول 170711b2014 ua g 000 0 ara d
017 ## - رقم الايداع القانونى
رقم الايداع القانونى 2013/23790
المصدر ( الهيئة المختصة) مصر . دار الكتب المصرية
020 ## - الرقم الدولى المعيارى للكتب
الرقم الدولى المعيارى للكتاب 9789774486982
040 ## - مصدر الفهرسة
وكالة الفهرسة الأصلية EG-CaGPL
082 04 - رقم تصنيف ديوى العشرى
رقم الطبعة 21
رقم التصنيف 364.1\
رقم المادة ك و
100 1# - المدخل الرئيسى - إسم شخصى
الإسم الشخصى كانتر ، ديفيد
الدور مؤلف
245 12 - بيان العنوان
العنوان الوجوه المتعددة للارهاب :
بقية العنوان وجهات نظر وقضايا مختلفة /
بيان المسئوليه,etc تحرير ديفيد كانتر ترجمة جيهان الحكيم .
300 ## - الوصف المادى
التعداد 464 ص :
أبعاد الوعاء 24 سم .
490 0# - بيان السلسلة
عنوان السلسلة المركز القومي للترجمة
رقم المجلد/ التعيين التسلسلي 2233
504 ## - تبصرة ببليوجرافية
تبصرة ببليوجرافية,الخ يشتمل علي ارجاعات بيبلوجرافية
650 ## - المدخل الاضافى بالموضوع-مصطلح موضوعى
مصطلح موضوعي الارهاب
650 ## - المدخل الاضافى بالموضوع-مصطلح موضوعى
مصطلح موضوعي الجرائم
650 ## - المدخل الاضافى بالموضوع-مصطلح موضوعى
مصطلح موضوعي الجرائم السياسية
650 ## - المدخل الاضافى بالموضوع-مصطلح موضوعى
مصطلح موضوعي الارهاب والانترنت
700 0# - المدخل الاضافى - اسم شخصى
الإسم الشخصى جيهان الحكيم
الدور مترجم
942 ## - عناصر المدخل الإضافي( كوها)
مصدر التصنيف او مخطط الترفيف Dewey Decimal Classification
Koha [default] item type كتاب
Holdings
حالة التراجع حالة الفقد حالة تلف ليس للاعارة المكان المؤقت الموقع الحالى موقع الترفيف تاريخ الاكتساب اجمالي اﻻعارات رقم الطلب الباركود تاريخ اخر مشاهدة تاريخ تفعيل السعر نوع وعاء كوها
        مكتبة القاهرة الكبرى مكتبة القاهرة الكبرى القاعة الرئيسية 07/11/2017   364.1 ك و 163243 07/11/2017 07/11/2017 كتاب

Powered By

EGPV